Statistiques concernant Real Madrid - Les Ballons d'Or

Cliquez ici pour prendre le quiz!

Statistiques générales

  • Ce quiz a été pris 257 fois
  • Le résultat moyen est 7 sur 8

Statistiques - réponses

Ballon d'OrDateNationalitéJoueur% Correct
42013 / 2014 / 2016 / 2017PortugalCristiano Ronaldo
100%
12022FranceKarim Benzema
100%
12018CroatieLuka Modric
99%
12006ItalieFabio Cannavaro
87%
12000PortugalLuis Figo
87%
21957 / 1959Espagne / ArgentineAlfredo Di Stefano
78%
12002BrésilRonaldo Nazario
78%
11958FranceRaymond Kopa
64%

Distribution des résultats

Percentile par nombre de réponses

% des personnes avec chaque résultat

Votre développement - résultats

Vous n’avez pas pris ce quiz